书目信息 |
| 题名: |
乱世晋朝
|
|
| 作者: | 姜若木 编著 | |
| 分册: | ||
| 出版信息: | 北京 中国文史出版社 2019 |
|
| 页数: | 263页 | |
| 开本: | 24cm | |
| 丛书名: | ||
| 单 册: | ||
| 中图分类: | K237.09 | |
| 科图分类: | ||
| 主题词: | 晋代--jin dai--历史--通俗读物 | |
| 电子资源: | ||
| ISBN: | 978-7-5205-0753-0 | |
| 000 | 00800nam0 2200241 450 | |
| 001 | 2160507999 | |
| 005 | 20210926145304.0 | |
| 010 | @a978-7-5205-0753-0@dCNY48.00 | |
| 100 | @a20191105d2019 em y0chiy50 ea | |
| 101 | 0 | @achi |
| 102 | @aCN@b110000 | |
| 105 | @aab z 000yy | |
| 106 | @ar | |
| 200 | 1 | @a乱世晋朝@Aluan shi jin chao@f姜若木编著 |
| 210 | @a北京@c中国文史出版社@d2019 | |
| 215 | @a263页@c图,地图@d24cm | |
| 300 | @a述说历代春秋 | |
| 330 | @a本书作者以丰富的历史知识为基础,从文学和史学的角度,对晋朝历史上存在过的人物做了解析,对重大的历史问题进行了辨析,提出了不少有价值的见解。 | |
| 606 | 0 | @a晋代@Ajin dai@x历史@j通俗读物 |
| 690 | @aK237.09@v5 | |
| 701 | 0 | @a姜若木@Ajiang ruo mu@c(编辑工作)@4编著 |
| 801 | 0 | @aCN@b百万庄@c20210926 |
| 905 | @b1300575-78@dK237.09@e151@f4 | |
| 乱世晋朝/姜若木编著.-北京:中国文史出版社,2019 |
| 263页:图,地图;24cm |
| 述说历代春秋 |
| ISBN 978-7-5205-0753-0:CNY48.00 |
| 本书作者以丰富的历史知识为基础,从文学和史学的角度,对晋朝历史上存在过的人物做了解析,对重大的历史问题进行了辨析,提出了不少有价值的见解。 |
| ● |
| 相关链接 |
|
|
|
|
正题名:乱世晋朝
索取号:K237.09/151
 
预约/预借
| 序号 | 登录号 | 条形码 | 馆藏地/架位号 | 状态 | 备注 |
| 1 | 1300575 | 213005754 | 第二样本阅览室/ [索取号:K237.09/151] | 在馆 | |
| 2 | 1300576 | 213005763 | 第二借阅区/ [索取号:K237.09/151] | 在馆 | |
| 3 | 1300577 | 213005772 | 第二借阅区/ [索取号:K237.09/151] | 在馆 | |
| 4 | 1300578 | 213005781 | 第二借阅区/ [索取号:K237.09/151] | 在馆 |